000 00400nam a2200169Ia 4500
003 LK-CoDNM
008 010623t xxu||||| |||| 00| 1 sin d
040 _aLK-CoDNM
_dLK-CoDNM
_eLK-CoDNM
041 _asin
080 _a(x) 92
_bGAJ
100 _aGamage, Nimal J.
245 _aගජමන් නෝනා
246 _aGajaman nona
300 _b96, 21.5 cm
650 _aBiography
942 _cBK
999 _c137999
_d137999